Las mil y una noches

Shranjeno v:
Bibliografske podrobnosti
Glavni avtor: Khawam, René R (Author)
Format: Knjiga
Jezik:španščina
Izdano: Barcelona Edhasa 2010
Izdaja:1a. ed
Teme:
Oznake: Označite
Brez oznak, prvi označite!

MARC

LEADER 00000cam a2200000 a 4500
001 UCE9314
003 CL-VaPUC
008 151016e20100000sp |||||||||||||||||spa|d
020 |a 9788435018753o.c 
020 |a 9788435018562v.1 
020 |a 9788435018579v.2 
082 0 4 |a 892.73  |b KHA  |2 21 
100 0 |a Khawam, René R  |e author  |9 582123 
245 1 4 |a Las mil y una noches 
250 |a 1a. ed 
300 |a v 
942 |c BK 
945 |d 20151016 11:50:00  |a dcastane 
260 |a Barcelona  |b Edhasa  |c 2010 
650 7 |a CUENTOS ORIENTALES  |2 CL-VaPUC  |9 406400 
583 |a last modification  |c 20151016 11:50:00  |k Rodrigo Vera 
999 |c 360983  |d 360981